000 01905nam a22002657a 4500
999 _c58577
_d58577
003 Ge_BSU
005 20220606140030.0
008 220606s2009 ge ||||| |||| 00| 0 geo d
020 _a9789941401770
041 _ageo
080 _a821.14.09-394+94(392) ნ-69
100 _aნიჟარაძე, ქეთი
_913992
245 _aტროას მითოპოეტური და ისტორიული აღქმა ჰომეროსთან = Troy's mythopoetic and historic perception by Homer /
_c ქეთი ნიჟარაძე ; [რედ. რისმაგ გორდეზიანი ; თსუ-ს კლასიკ. ფილოლოგიის, ბიზანტინისტიკისა და ნეოგრეცისტიკის ინ-ტი].
264 _aთბილისი:
_bლოგოსი,
_c2009.
300 _a282 გვ. ;
_b20 სმ.
490 _aპროგრამა "ლოგოსი" : პუბლიკაციები და ღონისძიებები კლასიკური ფილოლოგიის, ბიზანტინისტიკისა და ნეოგრეცისტიკის სფეროში
500 _aპარალ. თავფურ. და რეზ. ინგლ.
501 _aსახელთა საძიებელი: გვ. 244-261.
504 _aბიბლიოგრ.: გვ. 232-243.
653 _aბერძნული მითები.
653 _aტროას ომი.
700 _aგორდეზიანი, რისმაგ
_eრედაქტორი
_93462
710 _aთსუ-ს კლასიკ. ფილოლოგიის, ბიზანტინისტიკისა და ნეოგრეცისტიკის ინ-ტი.
_913993
942 _2udc
_cBK